logo

Bir Sreshtho Munshi Abdur Rouf Library
Jhenaidah Cadet College

The Dorling Kindersley science encyclopedia / (Record no. 11373)

MARC details
000 -LEADER
fixed length control field 00759nam a2200253 a 4500
001 - CONTROL NUMBER
control field 11373
003 - CONTROL NUMBER IDENTIFIER
control field BD-JhCC
005 - DATE AND TIME OF LATEST TRANSACTION
control field 20190904132657.0
008 - FIXED-LENGTH DATA ELEMENTS--GENERAL INFORMATION
fixed length control field 190904s1997 enkab j d 001 0 eng d
015 ## - NATIONAL BIBLIOGRAPHY NUMBER
National bibliography number GB 99-20655
020 ## - INTERNATIONAL STANDARD BOOK NUMBER
International Standard Book Number 0751356417
035 ## - SYSTEM CONTROL NUMBER
System control number (BD-JhCC)11373
040 ## - CATALOGING SOURCE
Original cataloging agency BD-JhCC
Language of cataloging BD-JhCC
Transcribing agency BD-JhCC
082 0# - DEWEY DECIMAL CLASSIFICATION NUMBER
Classification number 503
Edition number 21
Item number DOR 1997
245 04 - TITLE STATEMENT
Title The Dorling Kindersley science encyclopedia /
Statement of responsibility, etc. [writers and consultants David Burnie...et al.]
246 30 - VARYING FORM OF TITLE
Title proper/short title Science encyclopedia
250 ## - EDITION STATEMENT
Edition statement Revised ed.
260 ## - PUBLICATION, DISTRIBUTION, ETC.
Place of publication, distribution, etc. London :
Name of publisher, distributor, etc. Dorling Kindersley,
Date of publication, distribution, etc. c1997.
300 ## - PHYSICAL DESCRIPTION
Extent 448 p. :
Other physical details col.ill, col.maps ;
Dimensions 29 cm.
504 ## - BIBLIOGRAPHY, ETC. NOTE
Bibliography, etc. note Includes index.
650 #0 - SUBJECT ADDED ENTRY--TOPICAL TERM
Topical term or geographic name entry element Science
Form subdivision Encyclopedias, Juvenile.
700 1# - ADDED ENTRY--PERSONAL NAME
Personal name Burnie, David.
942 ## - ADDED ENTRY ELEMENTS (KOHA)
Source of classification or shelving scheme Dewey Decimal Classification
Koha item type Reference
Holdings
Withdrawn status Lost status Source of classification or shelving scheme Damaged status Not for loan Home library Current library Shelving location Date acquired Cost, normal purchase price Total Checkouts Full call number Barcode Date last seen Copy number Price effective from Koha item type
    Dewey Decimal Classification     JCC Rouf Library JCC Rouf Library General Stacks 06/04/2019 4698.00   503 DOR 1997 15533 09/04/2019 C-1 09/04/2019 Reference

JCC Library | Contacts | JCC Home

Last Update on 23 September 2017
Copyright @ 2017-2020 JCC Rouf Library
Rouf Library, Jhenidah Cadet College (JCC), Bangladesh